Before and After Quiz Stats

 Plays Quiz Updated Jun 7, 2015

Score 0/16 Timer 06:00
0 Plays Today
First Hint Answer % Correct
1971 Clint Eastwood movieDirty Harry Potter
81%
Symbol of Judaism and image on the flag of IsraelStar of David Beckham
79.3%
Prince's album, song, and moviePurple Rain Man
72.1%
Lead singer of Culture ClubBoy George Washington
71.1%
2004 Hilary Swank movieMillion Dollar Baby Got Back
68.3%
Narrator of 'Everybody Hates Chris'Chris Rock Band
64.8%
Ancient Greek King of MacedoniaAlexander the Great Gatsby
59.8%
2007 Coen Brothers film with Tommy Lee JonesNo Country for Old Men in Black
58.6%
First Hint Answer % Correct
1967 Paul Newman movieCool Hand Luke Wilson
58.5%
Krusty the Clown's criminal former sidekickSideshow Bob Dylan
53.9%
Thomas Paine pamphletCommon Sense and Sensibility
49.7%
1851 novel by Herman MelvilleMoby Dick Cheney
47.9%
One of the NBA teams located in FloridaOrlando Magic: The Gathering
39.5%
1959 animated Disney movieSleeping Beauty and the Beast
38.1%
1978 Robert De Niro and Christopher Walken movieThe Deer Hunter S. Thompson
29.3%
Jack Webb's character on 'Dragnet'Joe Friday the 13th
26.4%

You're not logged in!

Compare scores with friends on all Sporcle quizzes.
OR
Log In

Sporcle TV

Today on Sporcle TV


Watch our educational content, quiz creation guides, and fun videos on Sporcle TV.

Show Comments

Extras

Top Quizzes Today


Score Distribution

Your Account Isn't Verified!

In order to create a playlist on Sporcle, you need to verify the email address you used during registration. Go to your Sporcle Settings to finish the process.

Report this User

Report this user for behavior that violates our Community Guidelines.

Details: